000 01176nam a22003257a 4500
003 CHAP
005 20220329141720.0
008 971013s1979 r 00010 d
010 _a72692
011 _a73664
035 _a83222
040 _cCHAP
090 _aTesis
100 0 0 _aGarcía de Alba Jiménez, Miguel.
_945898
245 _aSelección masal por el método estratificado de girasol (Helianthus annuus L.) variedad forrajera Tecmon-51 con semilla negra en Apodaca, N.L.
260 _a(Monterrey, N.L.) :
_bEl autor,
_c1979
300 _a50 h.
_b: gráfs.
502 _aTesis (Ing. Agrónomo en Producción Agropecuaria) -- ITESM. Div. de Ciencias Agropecuarias y Marítimas
590 _aALEPH
_b10
_c20130110
_lUCH01
_h1413
590 _aBATCH-UPD
_b10
_c20130110
_lUCH01
_h2138
590 _aBATCH-UPD
_b10
_c20130410
_lUCH01
_h1446
590 _aBATCH-UPD
_b10
_c20130914
_lUCH01
_h1544
590 _aCONVERSION
_b10
_c20130109
_lUCH01
_h1340
650 1 4 _aGirasol como forraje.
_948189
650 1 4 _aGirasol
_xSelección masal.
_948174
650 1 4 _aGirasol
_xVariedades.
_948186
901 _aBK
942 _cTESIS
949 _bBC
_cTES
_d-37671
_eTS1
_i83222
_si
999 _c72692
_d72692